000 00366nam a2200145Ia 4500
008 230917s9999||||xx |||||||||||||| ||und||
040 _e40325
_aMAIN
041 _aEnglish
082 _a809.2 S55T
100 _aSzondi, Peter
245 0 _aTheory of modern drama: a criticial edition
260 _aCambridge
_bPolity
_c1987
300 _axviii, 128 p.
942 _cBK
999 _c63068
_d63068